Novissimus librorum prohibitorum et expurgatorum index pro catholicos hispaniarum regnis Philippi V, regis catholici.

Detalles Bibliográficos
Formato: Libro
Publicado: Madrid 1707
Materias:
Colección:Banco de datos
Acervo:Biblioteca del Museo Regional de Querétaro. INAH. Querétaro
Descripción Física:2a. parte
Tema general:Bibliografía
Notas:Regular. 4J7, 13.
LEADER 00738nam a22001930004500
035 |a 23389 
036 |a 1874 
245 1 0 |a Novissimus librorum prohibitorum et expurgatorum index pro catholicos hispaniarum regnis Philippi V, regis catholici. 
260 |a Madrid  |b Tipografía de la Música imp.  |c 1707 
300 |a 2a. parte 
500 |a Regular. 4J7, 13. 
650 1 0 |a Bibliografía 
949 |a C.R.Q. 
959 |a Ex convento Grande de San Francisco de la ciudad de Querétaro, Museo Regional de Querétaro  |b CCC2 
960 |a Convento Grande de San Francisco de la ciudad de Querétaro  |b DD68 
961 |a Franciscana  |b OF 
942 |c C.R.Q. 
943 |g Biblioteca del Museo Regional de Querétaro. INAH. Querétaro 
999 |c 979705  |d 979705